| 000 | 00770nam a22002295a 4500 | ||
|---|---|---|---|
| 003 | OSt | ||
| 005 | 20170131155307.0 | ||
| 008 | 160922s2014 ua frb 000 0 ara d | ||
| 020 | _c999214565X | ||
| 040 |
_aEG-ScBUE _bara _cEG-ScBUE _dEG-ScBUE |
||
| 082 | 0 | 4 |
_a341.6 _bم ر ي _222 |
| 100 | 1 | _aمري، هادي سالم هادي دهمان. | |
| 245 | 1 | 0 |
_aجريمة العدوان / _cهادي سالم هادي دهمان المري. |
| 250 | _aط. 1. | ||
| 260 |
_aالقاهرة : _bدار النهضة العربية، _c2014. |
||
| 300 |
_a321 ص. ؛ _c24 سم. |
||
| 504 | _aيشتمل على إرجاعات ببليوجرافية. | ||
| 650 | 7 |
_aالحرب (قانون دولي) _2BUEsh |
|
| 651 | _2BUEsh | ||
| 653 |
_bLLAAWW _cJanuary2017 |
||
| 942 | _2ddc | ||
| 999 |
_c24051 _d24023 |
||